| 000 | 00429cam a22001337a 4500 | ||
|---|---|---|---|
| 999 |
_c509352 _d509352 |
||
| 008 | 180718b1966 xxu||||| |||| 00| 0 eng d | ||
| 082 | _aA81x5421 In2/20 | ||
| 100 |
_aCensus of India 1951 _95053 |
||
| 245 | _aUttar Pradesh district census handbook, Kanpur district | ||
| 260 |
_aAllahabad _bSuperintendent, Printing and Stationery _c1955 |
||
| 300 | _a220p. | ||
| 440 |
_aCensus of India 1951. Uttar Pradesh _95054 |
||
| 942 | _2ddc | ||